5のn乗 - Statistics

General Stats
  • This quiz has been taken 55 times
  • The average score is 2 of 8
Answer Stats
Hint Answer % Correct
1の位 1コ 5
100%
10の位 1コ 2
98%
100の位 2コ 16
38%
1,000の位 4コ 3580
4%
10,000の位 8コ 17956240
0%
1,000,000の位 32コ 19840377976181556439582242163600
0%
100,000の位 16コ 3978175584236200
0%
10,000,000の位 64コ 4420183983595778219796176036355599756384380402031642416215818000
0%
No matching quizzes found
Score Distribution
Percent of People with Each Score
Percentile by Number Answered
Your Score History
You have not taken this quiz